शब्दकोश भौतिक विज्ञान / (Record no. 13355)

MARC details
000 -LEADER
fixed length control field 01062nam a22002297a 4500
005 - DATE AND TIME OF LATEST TRANSACTION
control field 20080606105433.0
008 - FIXED-LENGTH DATA ELEMENTS--GENERAL INFORMATION
fixed length control field 080610t xxu||||| |||| 00| 0 hin d
010 ## - LIBRARY OF CONGRESS CONTROL NUMBER
LC control number HIN-83358
020 ## - INTERNATIONAL STANDARD BOOK NUMBER
International Standard Book Number 9788190522410
Terms of availability 295.00
035 ## - SYSTEM CONTROL NUMBER
System control number HN-55704
037 ## - SOURCE OF ACQUISITION
Source of stock number/acquisition DBAD / PUB
040 ## - CATALOGING SOURCE
Original cataloging agency DPL
Language of cataloging HN
082 ## - DEWEY DECIMAL CLASSIFICATION NUMBER
Classification number 530.03
100 ## - MAIN ENTRY--PERSONAL NAME
Personal name शर्मा, एल.के.
245 ## - TITLE STATEMENT
Title शब्दकोश भौतिक विज्ञान /
Statement of responsibility, etc एल.के.शर्मा
246 ## - VARYING FORM OF TITLE
Title proper/short title Shabdkosh bhautik vigyan
Remainder of title by L. K. Sharma
260 ## - PUBLICATION, DISTRIBUTION, ETC. (IMPRINT)
Place of publication, distribution, etc दिल्ली
Name of publisher, distributor, etc श्री साई प्रकाशन
Date of publication, distribution, etc 2007
270 ## - ADDRESS
Address 70, रोशनआरा रोड
City दिल्ली
Postal code 110032
300 ## - PHYSICAL DESCRIPTION
Extent 301पृ
Dimensions 22 सेमी (सजिल्द)
942 ## - ADDED ENTRY ELEMENTS (KOHA)
Source of classification or shelving scheme Dewey Decimal Classification
Koha item type Hindi Books
Classification part 530.03
Call number suffix शर्माए
Holdings
Withdrawn status Lost status Damaged status Not for loan Collection code Home library Current library Date acquired Source of acquisition Cost, normal purchase price Total Checkouts Full call number Barcode Date last seen Copy number Cost, replacement price Price effective from Koha item type
      Not For Loan Non-fiction D.B.Act.Division D.B.Act.Division 06/06/2008 पु.प्र.अ.प्र /प्रका 295.00   530.03 शर्माए HN-55704 15/09/2008 1 295.00 15/09/2008 Hindi Books

© Delhi Public Library
Hit Counter
free hit counter